Statystyki dla Państwa na literę S

Kliknij tutaj aby rozwiązać quiz!

Ogólne statystyki

  • Ten quiz został rozwiązany 11,148 razy
    (7,632 od ostatniego zresetowania)
  • Średni wynik to 13 z 22

Statystyki odpowiedzi

Kraj % Correct
Szwecja
89%
Stany Zjednoczone
83%
Szwajcaria
80%
Słowacja
79%
Słowenia
78%
Serbia
74%
Somalia
67%
Sudan
66%
Senegal
63%
San Marino
59%
Syria
58%
Sri Lanka
57%
Salwador
57%
Surinam
56%
Seszele
55%
Singapur
55%
Sudan Południowy
55%
Samoa
44%
Saint Lucia
40%
Sierra Leone
36%
Saint Kitts i Nevis
36%
Saint Vincent i Grenadyny
35%

Rozkład punktacji

Percentyl według liczby udzielonych odpowiedzi

Procent ludzi z każdym wynikiem

Twoja historia wyników

Nie rozwiązałeś tego quizu od ostatniego zresetowania